000 00605nam a22001933a 4500
005 20240530063649.0
008 010406s1983 ea r 000 0 eng d
020 _a0900868996
035 _aUPN01000105755
049 _aCG
050 4 _aLB2321
_bE95
245 0 0 _aExcellence in diversity :
_btowards a new strategy for higher education.
260 _aGuilford [Ing.] :
_bSociety for Research in to Higher Education,
_c1983.
300 _a79 p.
440 0 _aLeverhulse report
500 _a"Programe of Study in the Future of Higher Education"
650 4 _aEducación superior
_932
905 _aLibro
999 _c79668
_d79668